000 00760nam a22002417a 4500
003 UA-OsUOA
001 55122
007 ta
008 20080813b un ||||| |||| 00| 0 ukr d
100 _aСкорченко П. Т.
090 _a343.98(075.8)
_bС16
942 _cBK
040 _aUA-OsUOA
_brus
_cUA-OsUOA
_dUA-OsUOA
245 _aКриминалистика
_bтехнико-криминалистическое обеспечение расследования преступлений
300 _a272 с.
955 _a2
041 _arus
080 _a343.98(075.8)
020 _a5-93384-002-5
260 _aМ.
_bБылина
_c1999
650 7 _a343 Кримінальне право. Карні порушення
_2UDC
999 _c341198
_d341198